Guess the Taylor Swift Song (Speak Now TV) 12 - Statistics

General Stats
  • This quiz has been taken 8 times
  • The average score is 412 of 453
Answer Stats
Answer % Correct
a
100%
all
100%
an
100%
and
100%
And
100%
at
100%
be
100%
can
100%
can't
100%
Cause
100%
day
100%
don't
100%
down
100%
even
100%
fall
100%
for
100%
going
100%
have
100%
How
100%
how
100%
I
100%
I'll
100%
I'm
100%
in
100%
Is
100%
is
100%
it
100%
it's
100%
I've
100%
knew
100%
know
100%
like
100%
look
100%
looks
100%
love
100%
many
100%
me?
100%
me
100%
me,
100%
miss
100%
my
100%
next
100%
Next
100%
not
100%
Now
100%
now
100%
now,
100%
of
100%
Of
100%
on
100%
one
100%
out
100%
people
100%
place
100%
saw
100%
say,
100%
say
100%
See
100%
see
100%
So
100%
standing
100%
tell
100%
that
100%
the
100%
The
100%
they
100%
"They're
100%
things
100%
to
100%
up
100%
us
100%
used
100%
was
100%
we
100%
we're
100%
were
100%
what
100%
When
100%
when
100%
who
100%
wish
100%
would
100%
Yeah
100%
yeah
100%
you
100%
your
100%
you're
100%
alone
80%
are
80%
avoid
80%
best
80%
better
80%
break
80%
But
80%
but
80%
chapter
80%
crowded
80%
doing
80%
dying
80%
empty
80%
end
80%
fate
80%
fight
80%
flew
80%
hands
80%
heard
80%
here
80%
I'd
80%
If
80%
instantly
80%
killing
80%
lately
80%
lead
80%
looking
80%
lot
80%
lucky
80%
met
80%
might
80%
never
80%
nothing?
80%
Oh,
80%
ones"
80%
room
80%
searching
80%
seat
80%
should
80%
simple
80%
sparks
80%
speaking
80%
spot
80%
story
80%
think
80%
this
80%
This
80%
through
80%
tragedy
80%
twist
80%
we'd
80%
Why
80%
act
60%
broke
60%
care
60%
complication
60%
contest
60%
ending
60%
held
60%
How'd
60%
less
60%
liked
60%
loud
60%
mind
60%
nervously
60%
page
60%
pretending
60%
quite
60%
side
60%
since
60%
soon
60%
starting
60%
trying
60%
walls
60%
way?
60%
you'd
60%
armor
40%
battle's
40%
busy
40%
clothes
40%
losing
40%
Miscommunications
40%
pride
40%
pulling
40%
rather
40%
scared
40%
silence
40%
than
40%
lay
20%
No matching quizzes found
Score Distribution
Percent of People with Each Score
Percentile by Number Answered
Your Score History
You have not taken this quiz